|
|
|
|
| LEADER |
00000nas a2200000 4500 |
| 001 |
ssj0001519 |
| 003 |
WaSeSS |
| 005 |
20200512172242.0 |
| 006 |
m d |
| 007 |
cr n |
| 008 |
751101d19632019mbcuu p s 0 a0eng c |
| 010 |
|
|
|a 79014264
|z cn 84311406
|
| 016 |
7 |
|
|a 100966994
|2 DNLM
|
| 022 |
|
|
|l 0008-3402
|y 0008-3402
|
| 035 |
|
|
|a (WaSeSS)ssj0001519
|
| 037 |
|
|
|b Canadian Dimension, 707-228 Notre Dame Ave., Winnipeg, Man. R3B 1N7
|
| 040 |
|
|
|a MUL
|b eng
|c MUL
|d NLC
|d AIP
|d NLC
|d AIP
|d NLC
|d NST
|d DLC
|d NST
|d NLC
|d NST
|d NLC
|d OCL
|d SYS
|d MUQ
|d NLM
|d OCLCQ
|d KNV
|d OCLCQ
|d OCLCF
|d OCLCO
|d L6B
|d CEF
|d MT4IT
|d QE2
|d OCLCQ
|d OCLCO
|d OCL
|d AU@
|d BDP
|d WAU
|d CUS
|d WaSeSS
|
| 042 |
|
|
|a nlc
|a isds/c
|a pcc
|
| 050 |
0 |
0 |
|a AP5
|b . C26
|
| 082 |
0 |
4 |
|a 971.005
|b C222
|
| 210 |
0 |
|
|a Can. dimens.
|
| 222 |
|
0 |
|a Canadian dimension
|
| 245 |
0 |
0 |
|a Canadian dimension
|h [electronic resource].
|
| 246 |
1 |
3 |
|a CD
|f 199-?-
|
| 260 |
|
|
|a Winnipeg
|b C.W. Gonick.
|
| 362 |
0 |
|
|a v. 1 [1963]-volume 53 no. 1 (summer 2019)
|
| 506 |
|
|
|a License restrictions may limit access.
|
| 650 |
|
0 |
|a Periodicals.
|
| 650 |
|
6 |
|a Travailleurs
|z Canada
|v Périodiques.
|
| 650 |
|
7 |
|a Periodicals.
|2 fast
|0 (OCoLC)fst01058072
|
| 651 |
|
6 |
|a Canada
|x Conditions sociales
|v Périodiques.
|
| 651 |
|
5 |
|a Canada
|x Politics and government
|y 1963-1984
|v Periodicals.
|
| 655 |
|
0 |
|a Electronic journals.
|
| 776 |
0 |
8 |
|i Continued online:
|t Canadian dimension
|w (DLC) 79014264
|w (OCoLC)678695614
|
| 850 |
|
|
|a CaMWUC
|a DLC
|a ICRL
|a KU-S
|a NN
|
| 853 |
0 |
3 |
|8 1
|a v.
|b (*)
|i (year)
|j (month)
|
| 853 |
0 |
3 |
|8 2
|a (year)
|b (month)
|
| 853 |
3 |
3 |
|8 3
|a v.
|b (*)
|i (year)
|j (month)
|
| 856 |
4 |
0 |
|z Full text available from Research Library: 01/01/1993 to present
|u https://search.proquest.com/publication/47025
|
| 863 |
4 |
0 |
|8 1
|a <1>-
|i <1963/1964>-
|x provisional
|
| 863 |
4 |
0 |
|8 2
|a <1993>
|b <Sept./Oct.>-
|x provisional
|
| 863 |
4 |
1 |
|8 3
|a <28>
|b <4/5>-
|i <1994:Aug./Sept.>-
|x provisional
|